| 000 | 00471nam a22001817a 4500 | ||
|---|---|---|---|
| 003 | OSt | ||
| 005 | 20220107122838.0 | ||
| 008 | 180523b xxu||||| |||| 00| 0 eng d | ||
| 040 | _cIIITMK | ||
| 100 |
_aKiran R Krishnan (92216014) _914031 |
||
| 245 | _aFIRE OPS (CMDB) | ||
| 300 | _aMSC DA 2016-2018 | ||
| 502 |
_bMSC DA _c2016-2018 _dINT _eMr. Ajithkumar R |
||
| 650 |
_aFIRE OPS _914032 |
||
| 650 |
_aMACHINE LEARNING _914033 |
||
| 650 |
_aELK _914034 |
||
| 942 |
_2ddc _cPR |
||
| 999 |
_c6055 _d6055 |
||